NRJ Music Awards - Statistiques

Statistiques générales
  • Ce quiz a été pris 115 fois
  • Le résultat moyen est 13 sur 36
Statistiques - réponses
Nombres de palmarès Nom de l'artiste % Correct
14 M. Pokora
77%
4 David Guetta
63%
6 Slimane
62%
6 Vitaa
61%
5 Bigflo et Oli
53%
8 Jenifer
53%
3 Soprano
53%
6 Rihanna
52%
4 Dadju
49%
5 Kendji Girac
46%
4 Shy'm
43%
6 Ed Sheeran
39%
3 Justin Bieber
39%
4 Lady Gaga
38%
4 Tal
38%
7 Shakira
35%
4 Ariana Grande
34%
3 Amir
32%
4 DJ Snake
32%
4 Katy Perry
32%
3 Dua Lipa
31%
9 Mylène Farmer
31%
3 Coldplay
28%
5 One Direction
26%
3 Britney Spears
23%
6 Christophe Maé
23%
3 Garou
21%
6 The Black Eyed Peas
21%
3 Diam's
20%
3 Sia
20%
4 Madonna
18%
3 Justin Timberlake
17%
4 Maroon 5
17%
4 Christophe Willem
16%
4 Kyo
15%
4 Dido
6%
Aucun quiz correspondant
Distribution des résultats
% des personnes avec chaque résultat
Percentile par nombre de réponses
Votre historique - résultats
Vous n’avez pas pris ce quiz